000 01165cab a22002295a 4500
001 L156312
008 120514e2012 xxk 000 0 eng d
035 _a(Sirsi) u156312
041 0 _aeng
100 1 _aEade, Christine
245 0 0 _aMarkets
_bGlos, Herefordshire and Worcs
260 _c2012
490 0 _aProperty Week
_v78(18) 4 May 2012, 55-60(4)
520 _aPeel Group's plans to develop 55 000 sq ft of new retail space at Gloucester's Peel Park retail park will impact on Stanhope's 250 000 sq ft plans for King's Quarter in Gloucester city centre. Stanhope will start developing early as the end of May Hereford's now redundant livestock market, Old Market, into a 310 000 sq ft retail and leisure centre, already two-thirds prelet. Worcester loses a second of its heritage family businesses, GR Pratley and Sons, china and glass retailers. Looks at developments in military hotspot, Hereford, which gained enterprise zone status in 2011.
590 _aKA
651 4 _aGloucestershire
651 4 _aHerefordshire
651 4 _aWorcestershire
690 _aCommercial property
_96227
690 _aResidential property
_96266
942 _n0
999 _c83986
_d83986